|
|
|
|
| LEADER |
00620nab a2200181 i 4500 |
| 001 |
publ21565 |
| 005 |
20210603132552.0 |
| 008 |
210603s2019 hu o 0|| zxx d |
| 022 |
|
|
|a 1589-1283
|
| 024 |
7 |
|
|a 31169235
|2 mtmt
|
| 040 |
|
|
|a SZTE Publicatio Repozitórium
|b hun
|
| 041 |
|
|
|a zxx
|
| 100 |
1 |
|
|a Rosztóczy András
|
| 245 |
1 |
2 |
|a A gastrooesophagealis reflux betegség kezelési stratégiája
|h [elektronikus dokumentum] /
|c Rosztóczy András
|
| 260 |
|
|
|c 2019
|
| 300 |
|
|
|a 18-19
|
| 490 |
0 |
|
|a MEDICAL TRIBUNE
|v 17
|
| 856 |
4 |
0 |
|u http://publicatio.bibl.u-szeged.hu/21565/1/Rosztoczy_GERDtherapia_MT_2019_05.pdf
|z Dokumentum-elérés
|